000 01041cam a22002174a 4500
005 20250605164007.0
008 250528s ||||||||||||||||||||||||d
035 _a15850
020 _a7664552
040 _aGR-AtMCL
_bgre
_dGR-AtMCL
_eAACR2
245 1 _aPrinciples of Interactive Computer Graphics / Second Edition
250 _a2nd
260 _bMcgraw Hill Book Company,
_c1979
300 _a544
520 _aPreface, Basic Concepts, Introduction, Point-Plotting Techniques, Line-Drawing Displays, Two-Dimensional Transformations, Clipping and Windowing, Graphics Packages, Dispay File Compilation, Picture Structure, Interactive Graphics, Event Handling, Input Functions, Raster Graphics, Raster Graphics Fundamentals, Raster Display Hardware, Three-Dimensional Graphics, Curves and Surfaces, Perspective Depth, Shading, Graphics Systems, User Interface Design, Appendices, Bibliography, Index.
700 1 _aNewman H. William
_91321
700 1 _aSproull F. Robert
_91866
942 _cBK
999 _c1400
_d1400